Gender, religion, & family law (Record no. 47911)
[ view plain ]
| 000 -LEADER | |
|---|---|
| fixed length control field | 03012nam a2200445 a 4500 |
| 082 04 - DEWEY DECIMAL CLASSIFICATION NUMBER | |
| Classification number | 346.01/5 |
| 245 00 - TITLE STATEMENT | |
| Title | Gender, religion, & family law |
| 260 ## - PUBLICATION, DISTRIBUTION, ETC. (IMPRINT) | |
| Place of publication | Waltham, Mass. : |
| Name of publisher | Brandeis University Press, |
| Year of publication | 2013. |
| 300 ## - PHYSICAL DESCRIPTION | |
| Number of Pages | xxxvi, 308 p. |
| 490 1# - SERIES STATEMENT | |
| Series statement | Brandeis series on gender, culture, religion, and law |
| 505 0# - FORMATTED CONTENTS NOTE | |
| Formatted contents note | Introduction : theorizing conflicts between women's rights and religious laws / Lisa Fishbayn Joffe -- Principles or compromises : accommodating gender equality and religious freedom in multicultural societies / Martha Minow -- Privatizing diversity : a cautionary tale from religious arbitration in family law / Ayelet Shachar -- Marriage pluralism, family law jurisdiction, and sex equality in the united states / Linda C. McClain -- From religious "right" to civil "wrong" : using Israeli tort law to unravel the knots of gender, equality, and Jewish divorce / Susan Weiss -- Flirting with god in western secular courts : mahr in the west / Pascale Fournier -- Muslim family law in South Africa : conflating the right to religion with the privileging of religion? / Rashida Manjoo -- Recognition of polygamous marriages in the new South Africa / Likhapha Mbatha and Lisa Fishbayn Joffe -- Women, resources, and changing the religious system: a case study of the orthodox Jewish wedding ritual / Irit Koren -- The yoetzet halakhah : avoiding conflict while instituting change / Michal Roness -- The temple of women initiates project: a framework for culturally meaningful feminist expression in rural areas / Fatou Kin� Camara. |
| 650 #0 - SUBJECT ADDED ENTRY--TOPICAL TERM | |
| Topical Term | Domestic relations. |
| Topical Term | Legal polycentricity. |
| Topical Term | Jews |
| Topical Term | Muslims |
| Topical Term | Customary law. |
| Topical Term | Domestic relations |
| 700 1# - ADDED ENTRY--PERSONAL NAME | |
| Personal name | Joffe, Lisa Fishbayn. |
| Personal name | Neil, Sylvia. |
| 856 40 - ELECTRONIC LOCATION AND ACCESS | |
| Uniform Resource Identifier | http://site.ebrary.com/lib/rucke/Doc?id=10635017 |
No items available.
